Moje léto v Řecku /

Žhavá letní romance z nejkrásnějších míst v Řecku.

Hlavní autor: Baggot, Mandy
Další autoři: Procházková, Andrea
Jazyk: Čeština
Vydáno: V Brně : CPress, 2023
Vydání: 1. vydání
Témata:
Fyzický popis: 439 stran ; 21 cm
Knihy
Uloženo v:
LEADER 02077nam a2200445 i 4500
001 nkc20233534068
003 CZ PrNK
005 20231005100934.0
007 ta
008 230719s2023 xr g 000 f cze
015 |a cnb003534068 
020 |a 978-80-264-4805-1  |q (vázáno) :  |c Kč 569,00 
035 |a (OCoLC)1402155365 
040 |a ABG001  |b cze  |d ABA001  |e rda 
041 1 |a cze  |h eng 
072 7 |a 821.111-3  |x Anglická próza, anglicky psaná  |2 Konspekt  |9 25 
080 |a 821.111-31  |2 MRF 
080 |a (0:82-312.5)  |2 MRF 
100 1 |a Baggot, Mandy  |7 xx0217726  |4 aut 
240 1 0 |a My Greek island summer.  |l Česky 
245 1 0 |a Moje léto v Řecku /  |c Mandy Baggotová ; z anglického originálu My Greek island summer ... přeložila Andrea Procházková 
250 |a 1. vydání 
264 1 |a V Brně :  |b CPress,  |c 2023 
300 |a 439 stran ;  |c 21 cm 
336 |a text  |b txt  |2 rdacontent 
337 |a bez média  |b n  |2 rdamedia 
338 |a svazek  |b nc  |2 rdacarrier 
520 2 |a Žhavá letní romance z nejkrásnějších míst v Řecku.  |b Becky svou práci miluje nade vše. Vyrábí pro své klienty sendviče přímo na míru jejich chutím. Když se však zle nepohodne se svojí sestrou, je nejvyšší čas odpočinout si na dovolené. Díky šťastné náhodě Becky padne do oka inzerát na hlídání vily na řeckém ostrově Korfu, a tak neváhá a jde balit kufry. V letadle se seznámí s charismatickým Eliasem, kterému však o sobě neřekne pravdu. A kolotoč nešťastných náhod se roztáčí. Doletí vůbec Becky na Korfu? Nakladatelská anotace. 
655 7 |a anglické romány  |7 fd131814  |2 czenas 
655 7 |a milostné romány  |7 fd132840  |2 czenas 
655 9 |a English fiction  |2 eczenas 
655 9 |a love novels  |2 eczenas 
700 1 |a Procházková, Andrea  |4 trl 
910 2 |a BOA001  |b 2-1510.612 
920 |a 4767109  |z ABG001 
928 9 |a Albatros Media - CPress 
990 |a BK 
995 |a 01 
991 |b 202308  |c NOV 
996 6 |b 2610945486  |c 2-1510.612  |l MZK  |r Sklad / do 1 hodiny  |n 0  |p p.v.  |w 001934489  |u 000010  |a 1  |e BOA001  |j MZK50  |s P